000 01674nam a22002537a 4500
003 Uzh_bibl
008 260210b |||||||| |||| 00| 0 ukr d
020 _a978-617-569-680-4
_c130.00
040 _bукр.
041 _2ukr
_aukr
080 _a53
090 _a53
_bФ 44
100 _aФея,Олег
245 _aПригоди фізичних законів
_cіл.О.Глумчер
_hТекст
260 _aКиїв
_bТемпора
_c2025
300 _a544 с.
_bіл.
_fВ опр.
520 _aВід спостереження за зоряним небом до квантової заплутаності, від першого телескопа до Великого адронного колайдера, від античних мислителів до нобелівських лауреатів останніх десятиліть — Олег Фея розповідає історію фізичних дослідів, відкриттів і законів. Пише про те, як найвидатніші фізики змагалися між собою, додали перешкоди та рухали історію, і переконує: коли людству здається, що у фізиці майже все відкрито, це означає, що все тільки починається.
521 _aДля широкого кола читачів
546 _aукр.
650 _aНауково-популярна література
653 _aІсторія дослідів
_aВідкриття
_aЗакони
655 _aПриродничі та точні науки
942 _2udc
_cBK
999 _c16757
_d16757